| 000 | 00519cam a2200205 4500 | ||
|---|---|---|---|
| 001 | D989 | ||
| 008 | 090401t1982 xxu||||| |||| 00| 0 eng d | ||
| 035 | _a(Sirsi) u49226 | ||
| 041 | _aeng | ||
| 050 | _a692.8 | ||
| 110 |
_aAqua Group _9865 |
||
| 245 | _aTenders and contracts for building | ||
| 250 | _a2nd | ||
| 260 |
_aLondon _bGranada Publishing Ltd _c1982 |
||
| 300 | _avii. 100p. 23cm | ||
| 350 | _a5.95 | ||
| 520 | _aShelf 314 - For earlier edition see Which builder? | ||
| 942 | _n0 | ||
| 948 | _c04/03/1997 | ||
| 999 |
_c92531 _d92531 |
||